01789nam a2200241Ia 45000010005000000080041000050100009000460410014000550820014000692450210000832600018002933000008003115200007003196300017003266300016003436300019003596300027003786500027004057000039004327000042004717000043005135200991005564400241029s9999 xx 000 0 und d a4142 aEspañol aNO APLICA 0aImpacto tecnológico en la educación basada en competencias en los estudiantes de cuarto grado de secundaria, del Instituto Politécnico Lic. Víctor Estrella Liz (La Perito). Año escolar 2013-2014 aSanto Domingo a102 a49 aCompetencias aEducación aImpacto Social aTecnología Educativa aTecnología Educativa easesoraOssers, Alfredo Arismendy  eautoraMontás Corporán, Feliciana eautoraBruno González, Kati Aracelis aEl  estudio se planteó como objetivo general, determinar el impacto tecnológico en la educación basada en competencias, en los estudiantes de cuarto grado de secundaria del Instituto Politécnico  Lic. Víctor Estrella  Liz (la perito), año escolar 2013-2014.  Este estudio es considerado descriptivo, analítico y explicativo. Los métodos utilizados fueron:  Histórico-Lógico de análisis y síntesis. Se trabajó con una muestra de 311 estudiantes, tomándose  172.  En el  estudio se pudo determinar, que en el Instituto Politécnico Lic. Víctor Estrella Liz, existe un buen nivel tecnológico en sentido general, pero tienen algunas deficiencias que deben ser atendidas para mejorar.El estudio recomendó, gestionar las adquisiciones y renovación oportuna de equipos y mobiliarios de todos los laboratorios técnicos. También conformar un equipo de estudiantes egresados, para que sirvan de soporte técnico al centro objeto de estudio.